000 00596nam a2200181 i 4500
001 49433
003 ES-MaACL
005 20230906161947.0
007 t|
008 030716s1929 cu ||||1| spa d
100 1 _aCosculluela, Juan Antonio.
_940987
245 1 3 _aLa vida de la Academia de la Historia
_b: (1928-1929) /
_cmemoria leída por Juan Antonio Conculluela.
260 _aHabana :
_bSiglo XXI,
_c1929.
300 _a59 p. ;
_c28 cm.
500 _aPrecede al tít.: Academia de la Historia de Cuba.
710 2 _aAcademia de la Historia de Cuba.
_91183
852 _aES-MaACL
_j1731-F-4
999 _c49433
_d49433